|
|
|
|
| LEADER |
00000nab a2200000ua 4500 |
| 001 |
vtls010804005 |
| 003 |
SK-MaSNL |
| 005 |
20260304013303.0 |
| 008 |
230222s2006 xo |||||||||||||||||eng| |
| 035 |
|
|
|a (urnnbn)urn:nbn:sk:snk:ar-a0284a
|
| 035 |
|
|
|a (uuid)7168d6ea-b2bf-4165-8090-6f1499332313
|
| 035 |
|
|
|a urn:nbn:sk:snk-ab4hsa
|
| 040 |
|
|
|a SNKBUCL
|b slo
|c SNKBUCL
|e AACR2
|
| 041 |
0 |
|
|a eng
|
| 044 |
|
|
|a xo
|c SK
|
| 100 |
1 |
|
|a George, A.
|4 aut
|9 1173882
|
| 245 |
1 |
0 |
|a THE M AND N GENES - BASED SIMPLEX AND MULTIPLEX PCRs ARE BETTER THAN THE F OR H GENE - BASED SIMPLEX PCR FOR PESTE - DES - PETITS - RUMINANTS VIRUS
|c A. George, P. Dhar, B. P. Sreenivasa, R. P. Singh, S. K. Bandyopadhyay
|
| 700 |
1 |
|
|a Dhar, P.
|4 aut
|9 1294086
|
| 700 |
1 |
|
|a Sreenivasa, B. P.
|4 aut
|9 1294087
|
| 700 |
1 |
|
|a Singh, R. P.
|4 aut
|9 1153832
|
| 700 |
1 |
|
|a Bandyopadhyay, S. K.
|4 aut
|9 1208878
|
| 773 |
0 |
|
|t Acta virologica : international journal
|g Roč. 50, č. 4 (2006), s. 217-222
|
| 958 |
|
|
|a OND
|
| 958 |
|
|
|a EUIPO
|
| 958 |
|
|
|a article3
|
| 999 |
|
|
|c 2575181
|d 2577111
|